000
00289nam a22001337a 4500
008
170829b xxu||||| |||| 00| 0 eng d
020
_a
2900205459536
041
_a
eng
080
_2
3RD
_a
070
100
_a
39
101
_a
MED
245
_a
PUBLIC RELATIONS
_c
GUTH,D.W
942
_2
udc
_c
BK
999
_c
25386
_d
25386